Guess The "The Stupendium" Song By Lyric - Statistics

General Stats
  • This quiz has been taken 14 times
  • The average score is 7 of 17
Answer Stats
Hint Answer % Correct
"For the _____ may be the shepherd but the _____ is being fleeced!" Wool Over Our Eyes
100%
"The architect tells them the secret to heaven: is simply consuming whatever we sell them!" The Fine Print
90%
"This is kinda tasteful, _____, tell me, who's your decorator?" Art of Darkness
60%
You want it. Need it. Don't. You. See? But if you wanna make your screen green, you're gonna need my __________! Ad Infinitum
50%
"Life's a breeze when you can leave uneasy deeds "REDACTED"" It's a Joy
50%
"Don't be blue, nothin' personal bro To break this curse, I've ways to go I'm dropping demons from A to Z! But I mostly just do H2O." Milk Milk Lemonade
50%
"All ends:
Swords, Pens
Foretent Phenomonition."
Neath!
40%
""Your safety now provided by the guys at _____ Services!" For one ongoing price of your unwavering subservience." The House Always Wins
40%
"I am _______! Traps set! Armed and ready! There's medals on my armour already! (oh, plus some spaghetti...) Way Deeper Down
40%
"All your property? Yes, it belongs to me. Oh, I see you disagree? Whoops, it's ruined!" Another Fowl Day
30%
"Each practical problem I solve, my skill mounts;the only thing higher than my IQ is my kill count!" The Most Fashionable Faction
30%
Can the world ever be fixed? Was America buried? Did it ever exist? Were you hoping for a life of heavenly bliss? When you stepped out of _______________? Vault Number 76
30%
"But the video had so little budget, that instead of a massive fiery explosion, it simply cut to black." A Proper End
20%
"So, just for oncе, forget the summer salе and give it up for Half-Life...! Alyx." Count to Three
20%
"Though tokens raised from soaken graves may yet a fortune make, I fear for what the ocean claims in place of what we take!" Dead Ahead
20%
"Remember, medicine is not a science, it's an art! (I've just had a call from our legal team, it is in fact, a science... apologies..)" Doctor! Doctor!
20%
"You bought your Hieronymus Bosch outright? Gosh, how nice, want advice?You coulda bought a lotta Botticellis from the fella at the jetty for a knock-down price!" Rogue's Gallery
20%
No matching quizzes found
Score Distribution
Percent of People with Each Score
Percentile by Number Answered
Your Score History
You have not taken this quiz